000 00397nam a2200181Ia 4500
001 16852
005 20260306170341.0
008 260306t2002||||xx |||||||||||||| ||und||
041 _aESP
082 _a657.046
_bC92
100 _aCruz Cam, Victor
_eAUT
245 0 _aContabilidad superior
260 _c2002
300 _a
_c
650 _aGEN
654 _aCCO
942 _cLIB
_dJUS
_fJUS
_2ddc
_n
999 _c16852
_d16852